书目信息 |
| 题名: |
剑桥雅思写作精讲
|
|
| 作者: | 杨文生 编著 | |
| 分册: | ||
| 出版信息: | 北京 外语教学与研究出版社 2008.05 |
|
| 页数: | 175页 | |
| 开本: | 24cm | |
| 丛书名: | ||
| 单 册: | ||
| 中图分类: | H315 | |
| 科图分类: | ||
| 主题词: | 英语--Ying Yu--写作--高等教育--自学参考资料 | |
| 电子资源: | ||
| ISBN: | 978-7-5600-6529-8 | |
| 000 | 00904nam0 2200265 450 | |
| 001 | CAL 012007085570 | |
| 005 | 20110830094649.95 | |
| 010 | @a978-7-5600-6529-8@dCNY18.90 | |
| 100 | @a20070612d2008 ekmy0chiy50 ea | |
| 101 | 0 | @achi@aeng |
| 102 | @aCN@b110000 | |
| 105 | @aa z 000yy | |
| 106 | @ar | |
| 200 | 1 | @a剑桥雅思写作精讲@AJian Qiao Ya Si Xie Zuo Jing Jiang@d= Up close to Cambridge IELTS@f杨文生编著@zeng |
| 210 | @a北京@c外语教学与研究出版社@d2008.05 | |
| 215 | @a175页@d24cm | |
| 300 | @a剑桥雅思精讲 | |
| 330 | @a本书针对雅思学术类和培训类写作的各种题型全面而深入地讲授实用写作策略与技巧,同时结合丰富的真题范例对考生进行有效的写作指导。 | |
| 510 | 1 | @aUp close to Cambridge IELTS@zeng |
| 586 | @a | |
| 606 | 0 | @a英语@AYing Yu@x写作@x高等教育@j自学参考资料 |
| 690 | @aH315@v5 | |
| 701 | 0 | @a杨文生@AYang Wen Sheng@4编著 |
| 801 | 0 | @aCN@c20110610 |
| 905 | @dH315@eY296@f3 | |
| 剑桥雅思写作精讲= Up close to Cambridge IELTS/杨文生编著.-北京:外语教学与研究出版社,2008.05 |
| 175页;24cm |
| 剑桥雅思精讲 |
| ISBN 978-7-5600-6529-8:CNY18.90 |
| 本书针对雅思学术类和培训类写作的各种题型全面而深入地讲授实用写作策略与技巧,同时结合丰富的真题范例对考生进行有效的写作指导。 |
| ● |
| 相关链接 |
|
|
|
正题名:剑桥雅思写作精讲
索取号:H315/Y296
 
预约/预借
| 序号 | 登录号 | 条形码 | 馆藏地/架位号 | 状态 | 备注 |
| 1 | 888370 | 208883706 | 语言库209/209语言库 38排4列6层/ [索取号:H315/Y296] | 在馆 | |
| 2 | 888371 | 208883715 | 语言库209/209语言库 38排4列6层/ [索取号:H315/Y296] | 在馆 | |
| 3 | 888372 | 208883724 | 语言库209/209语言库 38排4列6层/ [索取号:H315/Y296] | 在馆 |